000 00314nam a22001337a 4500
008 170830b xxu||||| |||| 00| 0 eng d
020 _a9780130853820
041 _aeng
080 _22ND
_a070
100 _a39
101 _aMED
245 _aLAW AND REGULATION OF ELECTRONIC MEDIA
_cBITTNER,J.R
942 _2udc
_cBK
999 _c25519
_d25519